Piłkarska kariera Leonardo Bonucciego. - Statystyki

Ogólne statystyki
  • Ten quiz został rozwiązany 63 razy
  • Średni wynik to 5 z 10
Statystyki odpowiedzi
Lata Drużyna % Poprawnych
2010-2017 Juventus
100%
2018-teraz Juventus
100%
2017-2018 Milan
88%
2006-2007 Inter
54%
2008-2009 Inter
54%
2009-2009 Inter
54%
2009-2010 Bari
32%
2009-2009 Genoa
26%
2009-2009 Pisa
9%
2007-2008 Treviso
5%
Nie znaleziono quizów pasujących do podanych kryteriów
Rozkład punktacji
Procent ludzi z każdym wynikiem
Percentyl według liczby udzielonych odpowiedzi
Twoja historia wyników
Nie rozwiązałeś tego quizu